[Event "Wroclaw Anderssen Memorial op-B"]
[Site "Wroclaw"]
[Date "2023.??.??"]
[Round "8"]
[White "Krzyzosiak, Anna"]
[Black "Grzesik, Norbert"]
[Result "1-0"]
[WhiteElo "1525"]
[BlackElo "1921"]
[PlyCount "71"]
[EventDate "2023.08.06"]
[EventType "swiss"]
[EventRounds "9"]
[EventCountry "POL"]
[SourceTitle "EXT 2024"]
[Source "ChessBase"]
[SourceDate "2023.10.10"]
[SourceVersion "1"]
[SourceVersionDate "2023.10.10"]
[SourceQuality "1"]

1. Nf3 c5 2. g3 Nc6 3. Bg2 d5 4. 0-0 e5 5. d3 Bd6 6. Nbd2 Nge7 7. e4 d4 8. a4 0-0 9. Nc4 Bc7 10. Nh4 Be6 11. f4 exf4 12. Bxf4 Bxc4 13. Bxc7 Qxc7 14. dxc4 Ne5 15. b3 N7c6 16. Qd2 g6 17. Bh3 Qe7 18. Rf2 f6 19. Raf1 Rae8 20. Ng2 g5 21. Bf5 Kg7 22. Qd1 h6 23. Ne1 Rf7 24. Qh5 Rff8 25. Nd3 Rh8 26. Rg2 Nxd3 27. Qg6+ Kf8 28. Be6 Qxe6 29. Rxf6+ Qxf6 30. Qxf6+ Kg8 31. Qg6+ Kf8 32. cxd3 Ke7 33. Qg7+ Kd6 34. Rf2 Ne7 35. Rf6+ Kd7 36. Rf7 1-0

[Event "Wroclaw Anderssen Memorial op-B"]
[Site "Wroclaw"]
[Date "2023.??.??"]
[Round "3"]
[White "Olejarczyk, Remigiusz"]
[Black "Grzesik, Norbert"]
[Result "1-0"]
[WhiteElo "1694"]
[BlackElo "1921"]
[PlyCount "77"]
[EventDate "2023.08.06"]
[EventType "swiss"]
[EventRounds "9"]
[EventCountry "POL"]
[SourceTitle "EXT 2024"]
[Source "ChessBase"]
[SourceDate "2023.10.10"]
[SourceVersion "1"]
[SourceVersionDate "2023.10.10"]
[SourceQuality "1"]

1. e4 c5 2. Nf3 Nc6 3. d4 cxd4 4. Nxd4 Nf6 5. Nc3 e5 6. Ndb5 d6 7. Bg5 a6 8. Na3 b5 9. Bxf6 gxf6 10. Nd5 f5 11. c3 Bg7 12. exf5 Bxf5 13. Nc2 0-0 14. Nce3 Be6 15. Bd3 f5 16. 0-0 Ne7 17. Nxe7+ Qxe7 18. Bxf5 Kh8 19. Bxe6 Qxe6 20. Qd5 Qg6 21. Rad1 Rfd8 22. Qc6 h5 23. Kh1 Bh6 24. Nd5 Ra7 25. Rg1 Rg8 26. Ne7 Rxe7 27. Rxd6 Qg5 28. Rxh6+ Kg7 29. Re6 Rxe6 30. Qxe6 Rf8 31. f3 Rf6 32. Qe7+ Kg6 33. Re1 Qd2 34. Qe8+ Kg7 35. Rxe5 Qc1+ 36. Re1 Qxb2 37. Re7+ Kh6 38. Qh8+ Kg5 39. Re5+ 1-0

[Event "Wroclaw Anderssen Memorial op-B"]
[Site "Wroclaw"]
[Date "2023.??.??"]
[Round "1"]
[White "Zakrzewski, Maksymilian"]
[Black "Grzesik, Norbert"]
[Result "0-1"]
[WhiteElo "1574"]
[BlackElo "1921"]
[PlyCount "158"]
[EventDate "2023.08.06"]
[EventType "swiss"]
[EventRounds "9"]
[EventCountry "POL"]
[SourceTitle "EXT 2024"]
[Source "ChessBase"]
[SourceDate "2023.10.10"]
[SourceVersion "1"]
[SourceVersionDate "2023.10.10"]
[SourceQuality "1"]

1. e4 c5 2. Nf3 g6 3. g3 Bg7 4. Bg2 Nc6 5. 0-0 e5 6. d3 Nge7 7. Be3 d6 8. Nc3 0-0 9. Nd2 Rb8 10. Ne2 b5 11. c4 bxc4 12. dxc4 Nd4 13. b3 a5 14. Nc3 Bd7 15. a4 Bc6 16. Nb5 f5 17. f4 Ne6 18. fxe5 dxe5 19. Qc2 f4 20. Bf2 Nd4 21. Bxd4 cxd4 22. Qd3 Qd7 23. Rad1 Bh6 24. Nf3 Qe6 25. g4 g5 26. h3 Rb7 27. Rfe1 Ng6 28. Rb1 Qe7 29. Qd2 Ra8 30. b4 axb4 31. Qxb4 Qxb4 32. Rxb4 Bf8 33. Rbb1 Rxa4 34. Rbc1 h6 35. Bf1 Bc5 36. Bd3 Kg7 37. Ra1 Rxa1 38. Rxa1 Kf6 39. Nd2 Rb6 40. Nb3 Bb4 41. Ra4 Be7 42. Ra7 Nf8 43. Kf2 Ne6 44. Ke2 Bc5 45. Ra1 Bb7 46. Na5 Ra6 47. Nb3 Rxa1 48. Nxa1 Ke7 49. Nb3 Bb4 50. Kf3 Kd7 51. Ke2 Kc6 52. Na7+ Kb6 53. Nb5 Bc6 54. Kf3 Bd7 55. Be2 Be8 56. Kf2 Nf8 57. Nc1 Ng6 58. Nd3 Bc5 59. Nc7 Kxc7 60. Nxc5 Bc6 61. Bd3 Nf8 62. Ke2 Kb6 63. Nb3 Ne6 64. Bc2 Ba4 65. c5+ Kc7 66. Na1 Bxc2 67. Nxc2 Nxc5 68. Nb4 Nxe4 69. Nd5+ Kd6 70. Nb6 Nf6 71. Nc8+ Kc5 72. Ne7 e4 73. Nf5 h5 74. Ng7 hxg4 75. hxg4 Kd5 76. Kd2 Nxg4 77. Nf5 e3+ 78. Ke2 Ne5 79. Ne7+ Ke4 0-1

[Event "POL-chT 2nd League"]
[Site "Jastrzebia Gora"]
[Date "2022.09.10"]
[Round "8.128"]
[White "Spyra, Piotr"]
[Black "Grzesik, Norbert"]
[Result "1/2-1/2"]
[WhiteElo "1901"]
[BlackElo "1983"]
[PlyCount "56"]
[EventDate "2022.09.03"]
[EventType "team-swiss"]
[EventRounds "9"]
[EventCountry "POL"]
[SourceTitle "CBM 210 Extra"]
[Source "ChessBase"]
[SourceDate "2022.11.30"]
[SourceVersion "1"]
[SourceVersionDate "2022.11.30"]
[SourceQuality "1"]
[WhiteTeam "Marklowice Hetman"]
[BlackTeam "Olesnica Pogon"]
[WhiteTeamCountry "POL"]
[BlackTeamCountry "POL"]

1. e4 c5 2. c3 g6 3. d4 cxd4 4. cxd4 d5 5. Nc3 dxe4 6. Bc4 Nf6 7. Qb3 e6 8. d5 exd5 9. Nxd5 Bg7 10. Bg5 0-0 11. Rd1 Nbd7 12. Qa3 a6 13. Ne2 h6 14. Nxf6+ Bxf6 15. Bxh6 Bg7 16. Bxg7 Kxg7 17. 0-0 Qh4 18. Qc3+ f6 19. Qb4 Re8 20. Qd6 Ne5 21. Qc7+ Kh6 22. Nd4 Bg4 23. Be2 Bxe2 24. Nxe2 Rh8 25. Qc3 Kg7 26. Qc7+ Kh6 27. Qc3 Kg7 28. Qc7+ Kh6 1/2-1/2

[Event "POL-chT 2nd League"]
[Site "Jastrzebia Gora"]
[Date "2022.09.04"]
[Round "2.75"]
[White "Wozniak, Maciej"]
[Black "Grzesik, Norbert"]
[Result "1-0"]
[WhiteElo "2022"]
[BlackElo "1983"]
[PlyCount "75"]
[EventDate "2022.09.03"]
[EventType "team-swiss"]
[EventRounds "9"]
[EventCountry "POL"]
[SourceTitle "CBM 210 Extra"]
[Source "ChessBase"]
[SourceDate "2022.11.30"]
[SourceVersion "1"]
[SourceVersionDate "2022.11.30"]
[SourceQuality "1"]
[WhiteTeam "Rzeszow Szachownica"]
[BlackTeam "Olesnica Pogon"]
[WhiteTeamCountry "POL"]
[BlackTeamCountry "POL"]

1. e4 c5 2. Nf3 Nc6 3. d4 cxd4 4. Nxd4 e5 5. Nb5 d6 6. N1c3 a6 7. Na3 b5 8. Nd5 Nge7 9. c4 Nd4 10. Bd3 Nxd5 11. cxd5 Be7 12. 0-0 0-0 13. Be3 f5 14. Bxd4 exd4 15. exf5 Bxf5 16. Bxf5 Rxf5 17. Qxd4 Bf6 18. Qd2 Qb6 19. Rad1 Re8 20. Nc2 Ree5 21. Qd3 Rh5 22. Ne3 Reg5 23. b3 Rg6 24. Rc1 Be5 25. Rc8+ Kf7 26. Rfc1 Qd4 27. R1c7+ Kf6 28. Rf8+ Kg5 29. Rf5+ Kh6 30. Rxh5+ Kxh5 31. Qf5+ Kh6 32. Qh3+ Kg5 33. Qf5+ Kh6 34. g4 Rg5 35. Qe6+ g6 36. h4 Qf4 37. hxg5+ Kxg5 38. Rxh7 1-0

[Event "POL-chT 2nd League"]
[Site "Jastrzebia Gora"]
[Date "2022.09.03"]
[Round "1.63"]
[White "Grzesik, Norbert"]
[Black "Bartkowiak, Damian"]
[Result "1/2-1/2"]
[WhiteElo "1983"]
[BlackElo "2102"]
[PlyCount "120"]
[EventDate "2022.09.03"]
[EventType "team-swiss"]
[EventRounds "9"]
[EventCountry "POL"]
[SourceTitle "CBM 210 Extra"]
[Source "ChessBase"]
[SourceDate "2022.11.30"]
[SourceVersion "1"]
[SourceVersionDate "2022.11.30"]
[SourceQuality "1"]
[WhiteTeam "Olesnica Pogon"]
[BlackTeam "Zakrzewo Korona"]
[WhiteTeamCountry "POL"]
[BlackTeamCountry "POL"]

1. e4 c6 2. d4 d5 3. exd5 cxd5 4. Bd3 Nc6 5. c3 Qc7 6. Bg5 e6 7. Nf3 Bd6 8. Nbd2 Nge7 9. 0-0 f6 10. Bh4 e5 11. dxe5 fxe5 12. c4 Nb4 13. c5 Nxd3 14. cxd6 Qxd6 15. Bxe7 Kxe7 16. Qe2 Bf5 17. Nh4 Qf6 18. Nxf5+ Qxf5 19. Nf3 e4 20. Nh4 Qf6 21. Rad1 Nf4 22. Qg4 Rad8 23. Nf5+ Ke6 24. Nxg7+ Ke5 25. Nh5 Nxh5 26. Qxh5+ Qf5 27. Qh6 Qf6 28. f4+ Ke6 29. f5+ Ke7 30. Qe3 Rhg8 31. Qc5+ Qd6 32. Qxa7 Rd7 33. Qd4 Qf6 34. Qc5+ Qd6 35. Rxd5 Qxc5+ 36. Rxc5 Rd2 37. g3 Kf6 38. Rc4 Re8 39. Rb4 e3 40. Re1 Re7 41. Rb3 Kxf5 42. Rbxe3 Rxe3 43. Rxe3 Rxb2 44. Re7 Kg6 45. Re6+ Kf7 46. Rh6 Kg7 47. Rd6 b5 48. Ra6 b4 49. h4 Kf7 50. Kf1 Kg7 51. Kg1 Kf7 52. h5 Kg7 53. h6+ Kf7 54. Kf1 Rh2 55. Kg1 Rb2 56. g4 b3 57. axb3 Rxb3 58. Kg2 Rc3 59. Kh2 Rb3 60. g5 Rb5 1/2-1/2

[Event "POL-chT 2nd League"]
[Site "Sypniewo"]
[Date "2021.09.10"]
[Round "7.11"]
[White "Chalupnik, Marcin"]
[Black "Grzesik, Norbert"]
[Result "1/2-1/2"]
[WhiteElo "2174"]
[BlackElo "1945"]
[PlyCount "148"]
[EventDate "2021.09.04"]
[EventType "team-swiss"]
[EventRounds "9"]
[EventCountry "POL"]
[SourceTitle "CBM 204 Extra"]
[Source "ChessBase"]
[SourceDate "2021.11.30"]
[SourceVersion "1"]
[SourceVersionDate "2021.11.30"]
[SourceQuality "1"]
[WhiteTeam "Warszawa YMCA"]
[BlackTeam "Olesnica Pogon"]
[WhiteTeamCountry "POL"]
[BlackTeamCountry "POL"]

1. e4 c5 2. Nf3 Nc6 3. d4 cxd4 4. Nxd4 e5 5. Nb5 d6 6. c4 Be7 7. N1c3 a6 8. Na3 Be6 9. Bd3 Bg5 10. 0-0 Bxc1 11. Rxc1 Nge7 12. Nc2 0-0 13. Ne3 Ng6 14. Ncd5 Nd4 15. Nf5 Bxd5 16. Nxd4 Bc6 17. Nf5 Qg5 18. g3 Rad8 19. h4 Qf6 20. a4 Rfe8 21. b4 Nf8 22. b5 Bd7 23. Ne3 Ne6 24. Nd5 Qg6 25. Kh2 Nd4 26. Rb1 Qe6 27. Ne3 Qh3+ 28. Kg1 Re6 29. Qg4 Qxg4 30. Nxg4 Nf3+ 31. Kg2 Nd2 32. Rfd1 Nxb1 33. Rxb1 Ree8 34. Ne3 axb5 35. axb5 Be6 36. Be2 g6 37. g4 Ra8 38. Rd1 Red8 39. h5 Kg7 40. hxg6 hxg6 41. Kg3 Kf6 42. Kf3 b6 43. Kg3 g5 44. Rh1 Rh8 45. Rd1 Ke7 46. Rd2 Ra1 47. Bf1 Rha8 48. Kf3 R8a3 49. Be2 Rg1 50. Rd3 Rxd3 51. Bxd3 Kd8 52. Be2 Ke7 53. Bd3 Kf6 54. Be2 Kg6 55. Bd3 Kh6 56. Be2 Kh7 57. Bd3 Kh8 58. Be2 Kg7 59. Bd3 Kh7 60. Be2 Kh6 61. Bd3 Ra1 62. Ke2 Rh1 63. f3 Rh2+ 64. Ke1 Kh7 65. Be2 Kg7 66. Kd2 Kf6 67. Kd3 Ke7 68. Bf1 Ra2 69. Be2 Kd7 70. Bf1 Ra3+ 71. Kd2 Kd8 72. Be2 Kc8 73. Bf1 Kb7 74. Be2 Ra2+ 1/2-1/2

[Event "POL-chT 2nd League"]
[Site "Sypniewo"]
[Date "2021.09.08"]
[Round "5.15"]
[White "Paprocki, Jaroslaw"]
[Black "Grzesik, Norbert"]
[Result "1-0"]
[WhiteElo "2186"]
[BlackElo "1945"]
[PlyCount "49"]
[EventDate "2021.09.04"]
[EventType "team-swiss"]
[EventRounds "9"]
[EventCountry "POL"]
[SourceTitle "CBM 204 Extra"]
[Source "ChessBase"]
[SourceDate "2021.11.30"]
[SourceVersion "1"]
[SourceVersionDate "2021.11.30"]
[SourceQuality "1"]
[WhiteTeam "Bydgoszcz Wiartrak"]
[BlackTeam "Olesnica Pogon"]
[WhiteTeamCountry "POL"]
[BlackTeamCountry "POL"]

1. c4 b6 2. d4 Bb7 3. Nc3 e6 4. e4 Bb4 5. f3 f5 6. exf5 Nh6 7. fxe6 Nf5 8. Bf4 dxe6 9. Nge2 0-0 10. Qd3 Nc6 11. 0-0-0 Qd7 12. Nb5 Rac8 13. d5 Na5 14. a3 Be7 15. Nxa7 Rcd8 16. Nc3 exd5 17. Nxd5 Nd4 18. Nxe7+ Qxe7 19. Qe3 Qf6 20. Bg5 Ndb3+ 21. Kc2 Nd4+ 22. Kb1 Qg6+ 23. Bd3 Qe6 24. Qxe6+ Nxe6 25. Bxd8 1-0

[Event "POL-chT 2nd League"]
[Site "Sypniewo"]
[Date "2021.09.05"]
[Round "2.15"]
[White "Grzesik, Norbert"]
[Black "Mierzynski, Jaroslaw"]
[Result "1-0"]
[WhiteElo "1945"]
[BlackElo "1922"]
[PlyCount "113"]
[EventDate "2021.09.04"]
[EventType "team-swiss"]
[EventRounds "9"]
[EventCountry "POL"]
[SourceTitle "CBM 204 Extra"]
[Source "ChessBase"]
[SourceDate "2021.11.30"]
[SourceVersion "1"]
[SourceVersionDate "2021.11.30"]
[SourceQuality "1"]
[WhiteTeam "Olesnica Pogon"]
[BlackTeam "Wolsztyn UKS Szach"]
[WhiteTeamCountry "POL"]
[BlackTeamCountry "POL"]

1. e4 e6 2. d4 d5 3. Nc3 Nf6 4. Bg5 Bb4 5. Nge2 dxe4 6. a3 Be7 7. Bxf6 Bxf6 8. Nxe4 0-0 9. c3 e5 10. d5 Be7 11. Qb3 Kh8 12. c4 f5 13. N4c3 Nd7 14. Ng3 Nc5 15. Qc2 a5 16. Be2 a4 17. 0-0 Bd7 18. Rad1 Ra6 19. Rfe1 Rh6 20. Nb5 Bd6 21. Nxd6 cxd6 22. Nf1 Qf6 23. Qc3 Rg6 24. f4 Ne4 25. fxe5 Nxc3 26. exf6 Nxd1 27. fxg7+ Rxg7 28. Rxd1 Re8 29. Rd2 Rge7 30. Kf2 Kg7 31. Ng3 Kf6 32. Bf3 Rc8 33. Be2 Be8 34. Bd3 Bg6 35. Ne2 f4 36. Nxf4 Bxd3 37. Nxd3 Rxc4 38. Nb4 Kf5 39. g3 h5 40. Kg2 Rce4 41. Kf2 Kg4 42. Nd3 Rd4 43. h3+ Kg5 44. Kf3 Rxd5 45. h4+ Kf6 46. Rd1 Rd4 47. Rd2 d5 48. Rd1 Rc7 49. Ke3 Re4+ 50. Kf3 Rd4 51. Ke3 Rg4 52. Nf4 d4+ 53. Rxd4 Rc5 54. Nxh5+ Rxh5 55. Rxg4 Rb5 56. Rxa4 Rxb2 57. Rb4 1-0

[Event "Rubinstein Memorial 56th"]
[Site "Polanica Zdroj"]
[Date "2020.08.17"]
[Round "3"]
[White "Jaskolka, Tomasz"]
[Black "Grzesik, Norbert"]
[Result "1/2-1/2"]
[WhiteElo "2196"]
[BlackElo "1980"]
[PlyCount "127"]
[EventDate "2020.08.15"]
[EventType "swiss"]
[EventRounds "9"]
[EventCountry "POL"]
[SourceTitle "CBM 197 Extra"]
[Source "ChessBase"]
[SourceDate "2020.09.30"]
[SourceVersion "1"]
[SourceVersionDate "2020.09.30"]
[SourceQuality "1"]

1. d4 Nf6 2. Bf4 e6 3. e3 b6 4. Nf3 Bb7 5. Nbd2 Be7 6. h3 0-0 7. Bd3 c5 8. c3 Nc6 9. Qe2 cxd4 10. exd4 d6 11. 0-0 Re8 12. Rfe1 Rc8 13. Rad1 Qc7 14. Ng5 Na5 15. Ndf3 Bd5 16. Rc1 Bc4 17. b3 Bxd3 18. Qxd3 h6 19. Ne4 Nxe4 20. Rxe4 Qc6 21. Re3 Bf6 22. Rce1 Qd7 23. g4 Nc6 24. d5 exd5 25. Qf5 Re6 26. Qxd5 Rce8 27. c4 Rxe3 28. Rxe3 Rxe3 29. fxe3 Be7 30. a3 a5 31. e4 Qc7 32. Kf1 Nd8 33. Nd4 Qc5 34. Nf5 Kf8 35. Qxc5 dxc5 36. Bc7 Nb7 37. Bxb6 Bf6 38. Ke2 Be5 39. Kd3 Ke8 40. b4 cxb4 41. axb4 axb4 42. Bd4 Bxd4 43. Kxd4 g6 44. Nxh6 Nc5 45. Ng8 Nb3+ 46. Ke3 Na5 47. Nf6+ Ke7 48. Nd5+ Kd6 49. Nxb4 Nxc4+ 50. Kf4 Ke6 51. Nd3 f6 52. h4 Nd6 53. Nc5+ Kf7 54. Nd7 Ne8 55. e5 fxe5+ 56. Kg5 Kg7 57. Nxe5 Nf6 58. Nxg6 Nxg4 59. h5 Nh6 60. Nf4 Nf7+ 61. Kf5 Nh6+ 62. Ke6 Ng4 63. Ke7 Ne3 64. h6+ 1/2-1/2

[Event "POL-chT3 Dolnoslaskie 1718"]
[Site "Poland"]
[Date "2018.03.04"]
[Round "9.6"]
[White "Grzesik, Norbert"]
[Black "Pyka, Roman"]
[Result "1/2-1/2"]
[WhiteElo "1989"]
[BlackElo "1957"]
[PlyCount "61"]
[EventDate "2017.10.08"]
[EventType "team-tourn"]
[EventRounds "11"]
[EventCountry "POL"]
[SourceTitle "EXT 2019"]
[Source "ChessBase"]
[SourceDate "2018.10.10"]
[SourceVersion "1"]
[SourceVersionDate "2018.10.10"]
[SourceQuality "1"]

1. e4 d5 2. exd5 Nf6 3. Bb5+ Bd7 4. Be2 Nxd5 5. d4 g6 6. c4 Nf6 7. Nc3 Bg7 8. Be3 0-0 9. h3 c6 10. Nf3 a6 11. 0-0 b5 12. Ne5 Be6 13. b3 Nfd7 14. Nf3 Nb6 15. Ng5 Bf5 16. Rc1 h6 17. Nf3 g5 18. Ne5 b4 19. c5 Nd5 20. Nxd5 Qxd5 21. Bc4 Qd8 22. Qf3 Qc8 23. Bxf7+ Rxf7 24. Nxf7 Be6 25. Ne5 Bxe5 26. dxe5 Bd5 27. Qg3 Qe6 28. f4 Nd7 29. Qg4 Qxg4 30. hxg4 gxf4 31. Bxf4 1/2-1/2

[Event "Liberec op 18th"]
[Site "Liberec"]
[Date "2018.03.02"]
[Round "8"]
[White "Grzesik, Norbert"]
[Black "Certek, Pavel"]
[Result "0-1"]
[WhiteElo "1996"]
[BlackElo "2256"]
[PlyCount "50"]
[EventDate "2018.02.24"]
[EventType "swiss"]
[EventRounds "9"]
[EventCountry "CZE"]
[SourceTitle "CBM 183 Extra"]
[Source "ChessBase"]
[SourceDate "2018.04.19"]
[SourceVersion "1"]
[SourceVersionDate "2018.04.19"]
[SourceQuality "1"]

1. e4 c5 2. Nf3 g6 3. d4 cxd4 4. Nxd4 Nc6 5. c4 Bg7 6. Be3 Nf6 7. Nc3 0-0 8. Be2 b6 9. 0-0 Bb7 10. Nxc6 dxc6 11. e5 Nd7 12. f4 f6 13. e6 Nc5 14. Bxc5 bxc5 15. f5 gxf5 16. Qc2 Qd4+ 17. Kh1 f4 18. Qf5 Rad8 19. Rxf4 Qe5 20. Bd3 Rxd3 21. Qxd3 Qxf4 22. Qd7 Bc8 23. Qxe7 Qe5 24. Rd1 Bxe6 25. b3 Bg4 0-1

[Event "POL-chT3 Dolnoslaskie 1718"]
[Site "Poland"]
[Date "2017.10.22"]
[Round "2.17"]
[White "Grzesik, Norbert"]
[Black "Kwiecinski, Marian"]
[Result "1/2-1/2"]
[WhiteElo "1989"]
[BlackElo "2177"]
[PlyCount "71"]
[EventDate "2017.10.08"]
[EventType "team-tourn"]
[EventRounds "11"]
[EventCountry "POL"]
[SourceTitle "EXT 2019"]
[Source "ChessBase"]
[SourceDate "2018.10.10"]
[SourceVersion "1"]
[SourceVersionDate "2018.10.10"]
[SourceQuality "1"]

1. e4 c5 2. Nf3 d6 3. d4 cxd4 4. Nxd4 Nf6 5. Nc3 g6 6. f3 Bg7 7. Be3 Nc6 8. Qd2 Bd7 9. g4 h5 10. g5 Nh7 11. 0-0-0 Nf8 12. Bc4 Qc8 13. f4 Ne6 14. Bxe6 Bxe6 15. Nd5 Bxd5 16. exd5 Nxd4 17. Bxd4 Bxd4 18. Qxd4 0-0 19. Rhe1 Re8 20. Rd3 Qf5 21. Qe4 Qxe4 22. Rxe4 Rac8 23. Kd2 Rc5 24. b4 Rc7 25. Rc3 Rec8 26. Rxc7 Rxc7 27. Kd3 Kf8 28. c4 Ke8 29. Kd4 b6 30. Re3 Kd7 31. a3 e6 32. Re2 Rc8 33. Re3 a6 34. Re2 Rb8 35. Rc2 Rc8 36. Rc3 1/2-1/2

[Event "Liberec op 17th"]
[Site "Liberec"]
[Date "2017.03.02"]
[Round "7"]
[White "Grzesik, Norbert"]
[Black "Paldus, Petr"]
[Result "1/2-1/2"]
[WhiteElo "1968"]
[BlackElo "2018"]
[PlyCount "48"]
[EventDate "2017.02.25"]
[EventType "swiss"]
[EventRounds "9"]
[EventCountry "CZE"]
[SourceTitle "CBM 177 Extra"]
[Source "ChessBase"]
[SourceDate "2017.04.27"]
[SourceVersion "1"]
[SourceVersionDate "2017.04.27"]
[SourceQuality "1"]

1. e4 e5 2. Nf3 Nc6 3. Bc4 Nf6 4. Ng5 d5 5. exd5 Nxd5 6. d4 Nxd4 7. c3 b5 8. Bxd5 Qxd5 9. cxd4 Qxg2 10. Qf3 Qxf3 11. Nxf3 Bb7 12. Ke2 exd4 13. Rd1 0-0-0 14. Nxd4 c5 15. Nxb5 Bf3+ 16. Kxf3 Rxd1 17. N1c3 Re1 18. Nxa7+ Kb7 19. Nab5 Be7 20. Rb1 Kc6 21. Na3 Bf6 22. Bd2 Rxb1 23. Naxb1 Rb8 24. Bc1 Bd4 1/2-1/2

[Event "Liberec op 16th"]
[Site "Liberec"]
[Date "2016.02.15"]
[Round "3"]
[White "Grzesik, Norbert"]
[Black "Simon, Eric2222"]
[Result "1-0"]
[WhiteElo "1892"]
[BlackElo "2107"]
[PlyCount "99"]
[EventDate "2016.02.13"]
[EventType "swiss"]
[EventRounds "9"]
[EventCountry "CZE"]
[SourceTitle "CBM 170 Extra"]
[Source "ChessBase"]
[SourceDate "2016.02.25"]
[SourceVersion "1"]
[SourceVersionDate "2016.02.25"]
[SourceQuality "1"]

1. e4 Nf6 2. e5 Nd5 3. d4 d6 4. c4 Nb6 5. exd6 exd6 6. Nc3 Be7 7. Bd3 Bf6 8. Be3 Nc6 9. Nge2 Bg4 10. f3 Bh5 11. b3 Bg6 12. a3 0-0 13. 0-0 Re8 14. Bf2 Bxd3 15. Qxd3 g6 16. f4 Qd7 17. d5 Ne7 18. Bd4 Qf5 19. Qxf5 Bxd4+ 20. Nxd4 Nxf5 21. Nxf5 gxf5 22. Nb5 Re3 23. Rf3 Rae8 24. Raf1 Rxf3 25. Rxf3 a6 26. Nd4 Re1+ 27. Kf2 Ra1 28. a4 Ra2+ 29. Kg3 Nd7 30. Nxf5 Nc5 31. Re3 h5 32. Re7 Rb2 33. Rxc7 Rxb3+ 34. Kh4 Ne4 35. Kxh5 Rb2 36. Nh6+ Kf8 37. Rxf7+ Ke8 38. Rg7 Rc2 39. f5 Kf8 40. Rf7+ Ke8 41. Rg7 Kf8 42. Rxb7 Rxg2 43. Ng4 Ke8 44. f6 Kf8 45. h3 Nc5 46. Ra7 Rb2 47. Kg6 Rb8 48. Rh7 Kg8 49. Nh6+ Kf8 50. Rh8# 1-0

[Event "Liberec op 16th"]
[Site "Liberec"]
[Date "2016.02.15"]
[Round "4"]
[White "Mikalsen, Erlend"]
[Black "Grzesik, Norbert"]
[Result "1-0"]
[WhiteElo "2319"]
[BlackElo "1892"]
[PlyCount "65"]
[EventDate "2016.02.13"]
[EventType "swiss"]
[EventRounds "9"]
[EventCountry "CZE"]
[SourceTitle "CBM 170 Extra"]
[Source "ChessBase"]
[SourceDate "2016.02.25"]
[SourceVersion "1"]
[SourceVersionDate "2016.02.25"]
[SourceQuality "1"]

1. e4 c5 2. Nf3 d6 3. d4 cxd4 4. Nxd4 Nf6 5. Nc3 a6 6. Bg5 e6 7. f4 Be7 8. Qf3 Qc7 9. 0-0-0 Nbd7 10. Bd3 b5 11. Rhe1 Bb7 12. Qg3 0-0-0 13. Bxf6 gxf6 14. Qg7 Nc5 15. Qxf7 Rdf8 16. Qh5 b4 17. Nce2 e5 18. Qh3+ Qd7 19. Nf5 Kd8 20. Qe3 Qc6 21. Kb1 Rhg8 22. Neg3 Rg4 23. fxe5 fxe5 24. Be2 Rg6 25. Bh5 Rgf6 26. Bf3 Rg6 27. Nxe7 Kxe7 28. Nf5+ Kd7 29. g4 Rgf6 30. Bh1 Rc8 31. Rd2 Na4 32. Red1 Ke8 33. Qb3 1-0

[Event "POL-chT3 Dolnoslaskie 1415"]
[Site "Poland"]
[Date "2015.03.29"]
[Round "9.8"]
[White "Grzesik, Norbert"]
[Black "Wrobel, Maciej"]
[Result "0-1"]
[WhiteElo "1921"]
[BlackElo "1918"]
[PlyCount "68"]
[EventDate "2014.10.26"]
[EventType "team-tourn"]
[EventRounds "11"]
[EventCountry "POL"]
[SourceTitle "EXT 2018"]
[Source "ChessBase"]
[SourceDate "2017.10.13"]
[SourceVersion "1"]
[SourceVersionDate "2017.10.13"]
[SourceQuality "1"]
[WhiteTeam "Olesnica Pogon"]
[BlackTeam "Olawa MGLKS Parnas"]
[WhiteTeamCountry "POL"]
[BlackTeamCountry "POL"]

1. e4 e5 2. Nf3 Nc6 3. Bc4 Nf6 4. Ng5 d5 5. exd5 Na5 6. Bb5+ Bd7 7. Qe2 Be7 8. Nc3 0-0 9. 0-0 Bxb5 10. Qxb5 c6 11. dxc6 Nxc6 12. Qe2 Nd4 13. Qd1 Rc8 14. a4 Nd5 15. Nf3 Nb4 16. Ne1 f5 17. d3 f4 18. f3 Rc6 19. Bd2 Qb6 20. Kh1 Nf5 21. Ne4 Nd5 22. Qc1 Rh6 23. a5 Qg6 24. Kg1 Qh5 25. h3 Rc6 26. Kf2 Nd4 27. c3 Bh4+ 28. g3 Bxg3+ 29. Nxg3 fxg3+ 30. Kg2 Ne2 31. Qc2 Ndf4+ 32. Bxf4 Nxf4+ 33. Kg1 Nxh3+ 34. Kg2 Nf4+ 0-1

[Event "POL-chT3 Dolnoslaskie 1415"]
[Site "Poland"]
[Date "2014.10.26"]
[Round "1.28"]
[White "Grzesik, Norbert"]
[Black "Bienias, Piotr"]
[Result "1-0"]
[WhiteElo "1921"]
[BlackElo "1963"]
[PlyCount "79"]
[EventDate "2014.10.26"]
[EventType "team-tourn"]
[EventRounds "11"]
[EventCountry "POL"]
[SourceTitle "EXT 2018"]
[Source "ChessBase"]
[SourceDate "2017.10.13"]
[SourceVersion "1"]
[SourceVersionDate "2017.10.13"]
[SourceQuality "1"]
[WhiteTeam "Olesnica Pogon"]
[BlackTeam "Gant Hetman"]
[WhiteTeamCountry "POL"]
[BlackTeamCountry "POL"]

1. e4 c5 2. Nf3 Nc6 3. d4 cxd4 4. Nxd4 e5 5. Nb5 d6 6. N1c3 a6 7. Na3 Be7 8. Nc4 Nf6 9. Bg5 0-0 10. Bxf6 Bxf6 11. Qxd6 Nd4 12. Bd3 b5 13. Qxd8 Rxd8 14. Ne3 Be6 15. h4 Rac8 16. a3 Rc5 17. Kd2 Rdc8 18. Ne2 g5 19. b4 R5c7 20. Nxd4 exd4 21. Nd5 Bxd5 22. exd5 gxh4 23. g3 Rd8 24. gxh4 Rxd5 25. a4 Be7 26. axb5 Bxb4+ 27. Ke2 axb5 28. Rhg1+ Kf8 29. Bxh7 f5 30. Ra8+ Ke7 31. Rg7+ Kd6 32. Ra6+ Rc6 33. Rg6+ Ke5 34. Raxc6 Kf4 35. Rg3 Re5+ 36. Kf1 Bd2 37. Kg2 Ke4 38. Rf6 Bf4 39. Rg7 Rc5 40. Rgf7 1-0